| 000 | 00000nam 2200000za 4500 |
| 001 | 9.859006 |
| 003 | CaOODSP |
| 005 | 20221107160139 |
| 007 | cr ||||||||||| |
| 008 | 180712s2018 onca o f000 0 eng d |
| 020 | |a9780660272467 |
| 040 | |aCaOODSP|beng |
| 043 | |an-cn--- |
| 086 | 1 |aA104-79/2018E-PDF |
| 245 | 00|aAnimal biosecurity |h[electronic resource] : |bnational avian on-farm biosecurity standard / |cOffice of Animal Biosecurity. |
| 246 | 30|aNational avian on-farm biosecurity standard |
| 250 | |a2nd ed. |
| 260 | |a[Ottawa] : |bCanadian Food Inspection Agency, |cc2018. |
| 300 | |axi, 22 p. : |bcol. ill. |
| 500 | |aIssued also in French under title: Biosécurité : norme nationale de biosécurité pour les fermes avicoles. |
| 500 | |aCover title. |
| 500 | |a"CFIA P0970-18." |
| 500 | |aIssued also in HTML format. |
| 520 | |a"This Standard is designed to support poultry producers in the development of farm-specific biosecurity plans that do not already participate in a provincial association or On-Farm Food Safety (OFFS) program (such as the non- regulated commercial and non-commercial poultry industry). It has also been designed to be complementary with, and enhance, existing On-Farm Programs. This Standard is based on clear, scientifically justified principles. It details a range of measures intended to prevent disease-causing agents from entering or leaving a premises housing poultry"--Provided by publisher. |
| 692 | 07|2gccst|aPoultry |
| 692 | 07|2gccst|aDiseases |
| 692 | 07|2gccst|aPrevention |
| 710 | 2 |aCanadian Food Inspection Agency. |bOffice of Animal Biosecurity. |
| 775 | 08|tBiosécurité |w(CaOODSP)9.859008 |
| 795 | |tAnimal biosecurity - National Avian On-Farm Biosecurity Standard |w(CaOODSP)9.692748 |
| 856 | 40|qPDF|s1.02 MB|uhttps://publications.gc.ca/collections/collection_2018/acia-cfia/A104-79-2018-eng.pdf |
| 856 | 4 |qHTML|sN/A|uhttps://inspection.canada.ca/animal-health/terrestrial-animals/biosecurity/standards-and-principles/national-avian-on-farm-biosecurity-standard/eng/1528732756921/1528732872665?chap=0 |